| 000 | 01402nam a2200325Ia 4500 | ||
|---|---|---|---|
| 001 | ebr10068394 | ||
| 003 | CaPaEBR | ||
| 006 | m u | ||
| 007 | cr cn||||||||| | ||
| 008 | 911031s1991 dcua sb 001 0 eng d | ||
| 010 | _z 91023941 | ||
| 020 | _z0309047471 | ||
| 020 | _z0309043980 | ||
| 040 |
_aCaPaEBR _cCaPaEBR |
||
| 035 | _a(OCoLC)57012200 | ||
| 050 | 1 | 4 |
_aBF481 _b.I5 1991eb |
| 245 | 0 | 0 |
_aIn the mind's eye _h[electronic resource] : _benhancing human performance / _cDaniel Druckman and Robert A. Bjork, editors. |
| 260 |
_aWashington, D.C. : _bNational Academy Press, _c1991. |
||
| 300 |
_axii, 291 p. : _bill. |
||
| 500 | _a"Committee on Techniques for the Enhancement of Human Performance, Commission on Behavioral and Social Sciences and Education, National Research Council." | ||
| 504 | _aIncludes bibliographical references and index. | ||
| 533 |
_aElectronic reproduction. _bPalo Alto, Calif. : _cebrary, _d2009. _nAvailable via World Wide Web. _nAccess may be limited to ebrary affiliated libraries. |
||
| 650 | 0 |
_aPerformance _xPsychological aspects. |
|
| 650 | 0 | _aCognitive psychology. | |
| 655 | 7 |
_aElectronic books. _2local |
|
| 700 | 1 |
_aDruckman, Daniel, _d1939- |
|
| 700 | 1 | _aBjork, Robert A. | |
| 710 | 2 | _aebrary, Inc. | |
| 856 | 4 | 0 |
_uhttp://site.ebrary.com/lib/rucke/Doc?id=10068394 _zAn electronic book accessible through the World Wide Web; click to view |
| 999 |
_c41542 _d41542 |
||